00417 2200157 4500001002100000008004100021035002000062245002900082100001900111250000600130260007500136084001400211082000800225650001400233990001200247INLIS000000000001509 ind  a0010-0125000007 aUgatewaycKampus UNISULA aKampus UNISULA a1 aSemarang :bUPT Pengembangan Bahasa Internasional KAMPUS UNISULAc2011 a420 KAM u a420 aNon Fiksi a0714926